LEADER 00970nam0-2200313---450- 001 990009220240403321 005 20101202172440.0 010 $a0872492893 035 $a000922024 035 $aFED01000922024 035 $a(Aleph)000922024FED01 035 $a000922024 100 $a20100910d1973----km-y0itay50------ba 101 0 $aeng 102 $aUS 105 $ay-------001yy 200 1 $aSpain under the Bourbons, 1700-1833$ea collection of documents$fedited and translated with a critical introduction by W.N. Hargreaves-Mawdsley 210 $aColumbia$cUniversity of South Carolina press$d1973 215 $aXXXIX, 295 p.$d24 cm 225 1 $aHistory in depht 676 $a946.05$v19$zita 702 1$aHargreaves-Mawdsley,$bWilliam Norman 801 0$aIT$bUNINA$gRICA$2UNIMARC 901 $aBK 912 $a990009220240403321 952 $aSDI-R 21$b3130$fSDI 959 $aSDI 996 $aSpain under the Bourbons, 1700-1833$9776841 997 $aUNINA LEADER 01836nas 2200553-a 450 001 996212332303316 005 20240206154817.0 011 $a1755-1609 035 $a(OCoLC)259370310 035 $a(CKB)111006469442728 035 $a(CONSER)--2010250897 035 $a(EXLCZ)99111006469442728 100 $a20080930a19899999 s-- - 101 0 $aeng 135 $aurun||||||||| 181 $ctxt$2rdacontent 182 $cc$2rdamedia 183 $acr$2rdacarrier 200 00$aAfrican journal of international and comparative law =$eRevue africaine de droit international et comparé 210 $a[London] $cAfrican Society of International and Comparative Law 210 3 $aEdinburgh $cEdinburgh University Press 300 $aRefereed/Peer-reviewed 311 $a0954-8890 517 3 $aRevue africaine de droit international et comparé 517 1 $aRADIC 517 1 $aAfr. J. Int'l & Comp. L 606 $aLaw$zAfrica$vPeriodicals 606 $aComparative law$vPeriodicals 606 $aInternational law$vPeriodicals 606 $aComparative law$2fast$3(OCoLC)fst00871350 606 $aInternational law$2fast$3(OCoLC)fst00976984 606 $aLaw$2fast$3(OCoLC)fst00993678 607 $aAfrica$2fast$1https://id.oclc.org/worldcat/entity/E39PBJkHrMyfHC67yqRTycbrv3 608 $aPeriodicals.$2fast 608 $aPeriodicals.$2lcgft 610 $aLaw$aSerials 615 0$aLaw 615 0$aComparative law 615 0$aInternational law 615 7$aComparative law. 615 7$aInternational law. 615 7$aLaw. 676 $a340/.2 676 $a342 712 02$aAfrican Society of International and Comparative Law. 906 $aJOURNAL 912 $a996212332303316 996 $aAfrican journal of international and comparative law$9801760 997 $aUNISA